Baby girl names that start with the letter k - Statistics

General Stats
  • This quiz has been taken 64 times
  • The average score is 17 of 50
Answer Stats
K 0 % Correct
Kate 20
80%
Katherine 5
80%
Kimber 45
78%
Karen 24
76%
Katie 21
72%
Katy 22
72%
Kimberly 8
72%
Kylie 6
70%
Kayla 13
69%
Kristen 25
65%
Kendra 1
59%
Kaylee 11
54%
Kara 49
52%
Kennedy 3
52%
Karla 48
48%
Kathy 23
46%
Kendall 16
44%
Kelsey 40
43%
Kyla 30
43%
Kaitlyn 37
37%
Keira 29
37%
Kora 31
37%
Kali 12
35%
Kenzie 28
35%
Kassidy 46
33%
Kiara 17
33%
Kinsley 2
31%
Kira 19
31%
Kyra 41
31%
Kamilla 50
26%
Karina 42
26%
Kathryn 38
24%
Kori 44
24%
Kaia 10
22%
Kamila 9
17%
Kinley 32
17%
Katalina 34
11%
Kensley 36
11%
Kamryn 27
9%
Kalani 18
7%
Karsyn 39
4%
Kataleya 43
4%
Kaylani 14
4%
Keilani 47
4%
Khole 7
4%
Kailani 15
2%
Kennedi 33
2%
Kailyah 35
0%
Kayeligh 26
0%
Keglani 4
0%
No matching quizzes found
Score Distribution
Percent of People with Each Score
Percentile by Number Answered
Your Score History
You have not taken this quiz